[Event "Emanuel Lasker Open 2017"]
[Site "Gorzow"]
[Date "2017.06.19"]
[Round "8"]
[White "Knapik, Julia"]
[Black "Chyzy, Jakub"]
[Result "0-1"]
[WhiteElo "1627"]
[BlackElo "1838"]
[Annotator "NA RC"]
[PlyCount "64"]
[EventDate "2017.??.??"]
[EventType "swiss"]
[EventCountry "POL"]
[SourceTitle "playchess.com"]
[Source "ChessBase"]
[SourceQuality "1"]
[TimeControl "40/5400+30:1800+30"]

1. e4 {[%emt 0:00:00]} e5 {[%emt 0:00:06]} 2. Nf3 {[%emt 0:00:00]} Nc6 {[%emt 0:00:07]} 3. Bb5 {[%emt 0:00:00]} a6 {[%emt 0:00:07]} 4. Ba4 {[%emt 0:00:00]} Nf6 {[%emt 0:00:05]} 5. O-O {[%emt 0:00:00]} Be7 {[%emt 0:00:07]} 6. Re1 {[%emt 0:01:05]} b5 {[%emt 0:00:06]} 7. Bb3 {[%emt 0:00:19]} d6 {[%emt 0:00:05]} 8. c3 {[%emt 0:01:02]} O-O {[%emt 0:00:19]} 9. d4 {[%emt 0:03:07]} Bg4 {[%emt 0:00:41]} 10. Be3 {[%emt 0:06:47]} exd4 {[%emt 0:18:06]} 11. cxd4 {[%emt 0:01:45]} Na5 {[%emt 0:01:05]} 12. Bc2 {[%emt 0:03:40]} Nc4 {[%emt 0:00:31]} 13. Bc1 {[%emt 0:00:17]} c5 {[%emt 0:02:11]} 14. b3 {[%emt 0:05:57]} Nb6 {[%emt 0:01:24]} 15. d5 {[%emt 0:03:29]} Nfd7 {[%emt 0:03:47]} 16. Qd3 {[%emt 0:01:08]} Bxf3 {[%emt 0:11:09]} 17. Qxf3 {[%emt 0:06:50]} Bf6 {[%emt 0:03:06]} 18. Nc3 {[%emt 0:14:09]} b4 {[%emt 0:06:21]} 19. e5 {[%emt 0:07:56]} Nxe5 {[%emt 0:11:11]} 20. Qh3 {[%emt 0:01:46]} Ng6 {[%emt 0:00:57]} 21. Bxg6 {[%emt 0:00:23]} fxg6 {[%emt 0:01:09]} 22. Ne4 {[%emt 0:00:28]} Bxa1 {[%emt 0:02:50]} 23. Ng5 {[%emt 0:02:42]} h6 {[%emt 0:01:39]} 24. Qe6+ {[%emt 0:08:36]} Kh8 {[%emt 0:01:26]} 25. Qxg6 {[%emt 0:02:34]} hxg5 {[%emt 0:02:54]} 26. Re3 {[%emt 0:02:53]} Bf6 {[%emt 0:03:45]} 27. Qf5 {[%emt 0:02:04]} Qd7 {[%emt 0:02:36]} 28. Rh3+ {[%emt 0:00:39]} Kg8 {[%emt 0:00:09]} 29. Qh7+ {[%emt 0:00:24]} Kf7 {[%emt 0:00:13]} 30. Qh5+ {[%emt 0:02:03]} Ke7 {[%emt 0:00:38]} 31. Bxg5 {[%emt 0:00:23]} Kd8 {[%emt 0:00:44]} 32. Bxf6+ {[%emt 0:00:28]} Rxf6 {[%emt 0:00:35]} 0-1